01117nam a2200193Ia 4500001001100000003001000011008004100021040002500062041001300087100001700100245003300117250001100150260008000161300001200241500026000253501011400513520026000627650003600887L856-50029IT-CnALBA170116s9999||||xx |||||||||||||| ||und|| aIT-CnALBAcIT-CnALBA aITALIANO aMIMMI FRANCO 0aVILLAGGIO VACANZE. ROMANZO.  a1a ed. aMILANObEDIZIONI FRASSINELLIc1994 [1° Ed.:1994 - Ed.Ling.Originale: 1994] a154 p.  aPIANO CERCATO PER ANNI. VILLAGGIO VACANZE. ESPERIMENTO FINALE. TUTTO PRONTO. SOLA IDEA MANCANTE. NEGOZIETTO DI ABITI USATI. LE MODE, DONNE. RISTORANTINO MACROBIOTICO, UOMINI E DONNE. COLLABORAZIONI GIORNALISTICHE E TELEVISIVE. ELEZIONE A DEPURATO. DISCONT aSocietà San Paolo EM - Piazza San Paolo, 14 - 12051 ALBA (CN) (non commercial uses only) ® Copyright 2017 aPIANO CERCATO PER ANNI. VILLAGGIO VACANZE. ESPERIMENTO FINALE. TUTTO PRONTO. SOLA IDEA MANCANTE. NEGOZIETTO DI ABITI USATI. LE MODE, DONNE. RISTORANTINO MACROBIOTICO, UOMINI E DONNE. COLLABORAZIONI GIORNALISTICHE E TELEVISIVE. ELEZIONE A DEPURATO. DISCONT aEPISTOLOGRAFIA ITALIANA E ALTRE